| 000 | 00553cam a22002171 4500 | ||
|---|---|---|---|
| 001 | sa 68010816 | ||
| 003 | DLC | ||
| 005 | 20260227112555.0 | ||
| 008 | 890908s1968 xx 000 0 pan | ||
| 010 | _asa 68010816 | ||
| 035 | _a(OCoLC)23571284 | ||
| 040 |
_aDLC _cMiU _dOCoLC _dDLC |
||
| 042 | _apremarc | ||
| 050 | 0 | 0 |
_aDS481.K25 _bT5 |
| 100 | 1 | _aTiwari, V. N. | |
| 245 | 1 | 0 | _aSaradāra: Paratāpa Sin̊gha Kairom. |
| 260 | _c[1968] | ||
| 300 |
_a96 p. _billus. _c18 cm. |
||
| 500 | _aIn Panjabi. | ||
| 600 | 1 | 0 |
_aKairon, Partap Singh, _d1901-1965. |
| 999 |
_c83568 _d83568 |
||